000 00774nam a22002177a 4500
999 _c12673
_d12673
003 AR-CdUCM
008 190409b ||||| |||| 00| 0 spa d
040 _aMUNICIPALIDAD PROVINCIAL DEL CUSCO
_cBIBLIOTECA MUNICIPAL DEL CUSCO
082 _a340 /
_bP84 / 1858
100 _aPradier-foderé, P
_930653
245 _aCompendio de derecho y político y economía social /
260 _aLima :
_bFelipe Bailly,
_c1858.
300 _a481 páginas ;
_c19 cm.
505 _aContenido : Ciencias morales y políticas -- Sociabilidad -- Doble misión del gobierno -- Sociabilidad de las naciones ...
650 _aDerecho
_9739
650 _aPolítica
_9291
650 _aHistoria
_9136
700 _aFuentes, Manuel
_927586
942 _2ddc
_cLIBROS
945 _arah
_d09/04/2019